000 00423nam a2200157 4500
999 _c3989
_d3989
008 200709b ||||| |||| 00| 0 eng d
020 _a0853347662
082 0 0 _a623.8535
_bM9714
100 _9890
_aMunton, R.
245 1 0 _aRefrigeration at sea /
_cby R. Munton and J. R. Stott
250 _a2nd ed.
260 _aLondon
_bApplied science
_c1978
300 _ax, 238 p.
650 0 _aMarine Refrigeration
942 _2ddc
_cBK